| 000 | 00428nam a22001457a 4500 | ||
|---|---|---|---|
| 020 | _a9789699290244 | ||
| 082 |
_a297.4 _bBAH |
||
| 100 | _aBahoo, Sultan | ||
| 245 |
_aAmeer ul Kaunain / _cSultan Bahoo and Translated by Syed Ameer Khan Niazi |
||
| 260 |
_aLahore : _bAl-Arifeen Publications, _c2019. |
||
| 300 |
_a469 p. ; _c22 cm. |
||
| 563 | _aHBK. | ||
| 880 |
_6245-02\r _aامیرالکونین / |
||
| 942 |
_2ddc _cBK |
||
| 999 |
_c590287 _d590287 |
||